Diccionario crítico etimológico castellano e hispánico
Salvato in:
| Autori principali: | , |
|---|---|
| Natura: | Libro |
| Lingua: | spagnolo |
| Pubblicazione: |
Madrid
Gredos
1980
|
| Serie: | Biblioteca Románica Hispánica. Diccionarios, 7
|
| Soggetti: | |
| Tags: |
Aggiungi Tag
Nessun Tag, puoi essere il primo ad aggiungerne!!
|
MARC
| LEADER | 00000nam a2200000 a 4500 | ||
|---|---|---|---|
| 001 | UCX3606 | ||
| 003 | CL-VaPUC | ||
| 008 | 911115e19800000SP |||||||||||||||||spa|d | ||
| 082 | 0 | 4 | |a 463 |b COR |2 21 |
| 100 | |a Corominas, Joan |e author |9 319785 | ||
| 700 | 0 | |a Pascual, José A |e author |9 319786 | |
| 245 | 1 | 0 | |a Diccionario crítico etimológico castellano e hispánico |
| 300 | |a 5 v | ||
| 942 | |c BK | ||
| 945 | |d 19911115 00:00:00 |a aalvarez | ||
| 260 | |a Madrid |b Gredos |c 1980 | ||
| 650 | 7 | |a ESPAÑOL ETIMOLOGIA DICCIONARIOS |2 CL-VaPUC |9 319787 | |
| 583 | |a last modification |c 19911115 00:00:00 |k Rodrigo Vera | ||
| 490 | 0 | |a Biblioteca Románica Hispánica. Diccionarios, 7 | |
| 999 | |c 224323 |d 224321 | ||
| 952 | |0 0 |1 2 |4 0 |6 463_000000000000000_COR_1980 |7 0 |8 F |9 220873 |a BIBTEO |b BIBTEO |d 2019-11-15 |h v.1 |i 2896133 |o 463 COR 1980 |p 2896133 |r 2019-11-15 |w 2019-11-15 |y BK_F |k ICR | ||
| 952 | |0 0 |1 0 |4 0 |6 463_000000000000000_COR_1980 |7 0 |8 F |9 220874 |a BIBTEO |b BIBTEO |d 2019-11-15 |h v.2 |i 2896141 |o 463 COR 1980 |p 2896141 |r 2025-01-17 |w 2019-11-15 |y BK_F |k ICR | ||
| 952 | |0 0 |1 0 |4 0 |6 463_000000000000000_COR_1980 |7 0 |8 F |9 220875 |a BIBTEO |b BIBTEO |d 2019-11-15 |h v.3 |i 289615K |o 463 COR 1980 |p 289615K |r 2025-01-17 |w 2019-11-15 |y BK_F |k ICR | ||
| 952 | |0 0 |1 0 |4 0 |6 463_000000000000000_COR_1980 |7 0 |8 F |9 220876 |a BIBTEO |b BIBTEO |d 2019-11-15 |h v.4 |i 2896168 |o 463 COR 1980 |p 2896168 |r 2025-01-17 |w 2019-11-15 |y BK_F |k ICR | ||
| 952 | |0 0 |1 0 |4 0 |6 463_000000000000000_COR_1980 |7 0 |8 F |9 220877 |a BIBTEO |b BIBTEO |d 2019-11-15 |h v.5 |i 2896176 |o 463 COR 1980 |p 2896176 |r 2025-01-17 |w 2019-11-15 |y BK_F |k ICR | ||
| 952 | |0 0 |1 0 |4 0 |6 463_000000000000000_COR_1980 |7 0 |8 X |9 220878 |a BIBEDU |b BIBEDU |d 2019-11-15 |h v.1 |i 3171418 |o 463 COR 1980 |p 3171418 |r 2023-01-13 |w 2019-11-15 |y BK_X |k LIT | ||
| 952 | |0 0 |1 0 |4 0 |6 463_000000000000000_COR_1980 |7 0 |8 X |9 220879 |a BIBEDU |b BIBEDU |d 2019-11-15 |h v.2 |i 3171426 |o 463 COR 1980 |p 3171426 |r 2023-01-13 |w 2019-11-15 |y BK_X |k LIT | ||
| 952 | |0 0 |1 0 |4 0 |6 463_000000000000000_COR_1980 |7 0 |8 X |9 220880 |a BIBEDU |b BIBEDU |d 2019-11-15 |h v.3 |i 3171434 |o 463 COR 1980 |p 3171434 |r 2023-01-13 |w 2019-11-15 |y BK_X |k LIT | ||
| 952 | |0 0 |1 0 |4 0 |6 463_000000000000000_COR_1980 |7 0 |8 X |9 220881 |a BIBEDU |b BIBEDU |d 2019-11-15 |h v.4 |i 3171442 |o 463 COR 1980 |p 3171442 |r 2023-01-13 |w 2019-11-15 |y BK_X |k LIT | ||
| 952 | |0 0 |1 0 |4 0 |6 463_000000000000000_COR_1980 |7 0 |8 X |9 220882 |a BIBEDU |b BIBEDU |d 2019-11-15 |h v.5 |i 3171450 |o 463 COR 1980 |p 3171450 |r 2023-01-13 |w 2019-11-15 |y BK_X |k LIT | ||